| 000 | 00848ntm a22002297a 4500 | ||
|---|---|---|---|
| 005 | 20170827124527.0 | ||
| 008 | 170802s2012 xx a frb 000 0 eng d | ||
| 040 |
_aEG-ScBUE _beng _cEG-ScBUE |
||
| 082 | 0 | 4 |
_222 _a624 _bZOH |
| 100 | 1 | _aEL Zoheiry, Hady Kamal. | |
| 245 | 1 | 4 |
_aThe construction waste management and its handling / _cHady Kamal El Zoheiry. |
| 260 | _c2012. | ||
| 300 |
_a62 p. : _bill. (col.) ; _c28 cm. |
||
| 500 | _aA dissertation submitted to the faculty of engineering, The British University in Egypt, in partial fulfillment of the requirements for the bachelor degree in civil engineering. | ||
| 590 | _anaira | ||
| 650 | 7 |
_2BUEsh _aCivil engineering _vProjects |
|
| 653 |
_bENGCIV _cAugust2017 |
||
| 655 | _vStudents Projects | ||
| 700 | 1 |
_aOsman, Ayman Ahmed Ezzat, _eths. |
|
| 777 | _AProjects - Students | ||
| 942 | _2ddc | ||
| 999 |
_c25418 _d25390 |
||